| 000 | 00451pab a2200169 454500 | ||
|---|---|---|---|
| 008 | 180718b2007 xxu||||| |||| 00| 0 eng d | ||
| 100 | _aMaithil, B.P. | ||
| 245 | _aCrime scene investigation: the foundation stone of crime detection, investigation and prosecution | ||
| 260 | _c2007 | ||
| 300 | _ap.8-14. | ||
| 362 | _aJul-Sep | ||
| 650 | _aCrime | ||
| 700 | _aMishra, Rajesh | ||
| 773 | _aIndian Police Journal | ||
| 908 | _aN | ||
| 909 | _a77695 | ||
| 999 |
_c77695 _d77695 |
||